000 00526nam a2200193Ia 4500
005 20260120130732.0
008 008 260114s9999 xx 000 0 eng d
020 _a9780199850624
037 _aEBOOK
040 _aCRL
_beng
_cCRL
041 _aeng
_2eng
084 _qCRL
100 _aRushton
_9918584
245 4 _aThe Master Musicians: Mozart
260 _bOxford University PressOxford University Press
_c2011
856 _uhttps://academic.oup.com/book/10735
942 _cEBOOK
999 _c1510489
_d1510489